[Event "Pro Chess League 2023"]
[Site "Chess.com"]
[Date "2023.02.14"]
[Round "4"]
[White "Liang, Awonder"]
[Black "Carlsen, Magnus"]
[Result "0-1"]
[WhiteElo "2643"]
[BlackElo "2852"]
[EventDate "2023.??.??"]
[Annotator "rafael"]
[PlyCount "108"]
[Beauty "6735716680245"]
[EventType "schev"]
[EventRounds "3"]

1.e4 e6 2.d4 d5 3.Nc3 Nf6 4.Bg5 dxe4 5.Nxe4 Nbd7 6.Nxf6+ Nxf6 7.Nf3 c5 8.c3 a6 {The idea of this move is to avoid a check on b5.} ( 8...cxd4 {is also possible.} 9.Nxd4 Be7 ) ( 8...Be7 9.dxc5 ( 9.Bb5+ {is not dangerous.} 9...Bd7 ) 9...Qxd1+ 10.Rxd1 Bxc5 11.Bb5+ Ke7 12.Ne5 {It's not clear that White has a big advantage, but his position is certainly more comfortable.} ) 9.Bd3 ( 9.Ne5 {This move leads to a position well known to theory. My friend GM Vescovi once won a rapid game against Karpov in a tournament we played in São Paulo.} 9...Qd5 10.Bxf6 gxf6 11.Nc4 cxd4 12.Nb6 Qe4+ 13.Be2 Rb8 14.O-O dxc3 15.bxc3 Bc5 16.Rb1 Qc6 17.Bf3 Qc7 18.Qa4+ Ke7 19.Qa5 Bd6 20.Rfe1 Bxh2+ $2 {[%c_effect h2;square;h2;type;Mistake;persistent;true]} ( 20...Kf8 $1 {[%c_effect f8;square;f8;type;GreatFind;persistent;true]} ) 21.Kh1 Be5 $2 {[%c_effect e5;square;e5;type;Mistake;persistent;true]} ( 21...Kf8 ) 22.Nd5+ $1 {[%c_effect d5;square;d5;type;GreatFind;persistent;true] Black resigned. Vescovi-Karpov, Sao Paulo (rapíd) 2004.} ) 9...cxd4 10.Nxd4 h6 11.Bh4 Bc5 12.O-O O-O 13.Nb3 {This move doesn't create big problems for Black.} ( 13.Re1 ) 13...Be7 14.Qe2 Qc7 {A new move.} ( 14...Nd5 15.Qe4 ( 15.Bg3 {is better.} ) 15...g6 $6 {[%c_effect g6;square;g6;type;Inaccuracy;persistent;true]} ( 15...f5 $1 {[%c_effect f5;square;f5;type;GreatFind;persistent;true]} 16.Bxe7 fxe4 17.Bxd8 exd3 18.Bh4 Nf4 {with a good position.} ) 16.Bxe7 Qxe7 17.Rfe1 {White had a slight advantage in Pedashenko-Shemeakin, Gelendzhik 2015.} ) 15.Bg3 ( 15.Rad1 {seems more natural, but there's no advantage after:} 15...Rd8 16.Bg3 ( 16.Bc2 Rxd1 17.Rxd1 b5 {is also equal.} ) 16...Bd6 17.Bxd6 Rxd6 18.Qe5 Rd7 ) 15...Bd6 16.Rad1 Bxg3 17.hxg3 {This is a typical pawn structure in the French Defense when Black plays dxe4. Black has an improved version of what usually happens, as two pairs of minor pieces have already been exchanged, which favors those with less space. It only remains to develop the c8-bishop to have a comfortable position. This bishop, who causes so much headache for French players, will get into trouble again in this game. This time not by being stuck at home, as usually happens, but by venturing out more than usual.} 17...e5 {Making way for the bishop. It could also be developed on the h1-a8 diagonal.} ( 17...b5 ) ( 17...b6 ) 18.Rfe1 Re8 19.Nd2 $1 {[%c_effect d2;square;d2;type;GreatFind;persistent;true] A good move, bringing the knight into battle.} 19...Bg4 20.f3 Be6 21.Ne4 Qb6+ {This and the next move are based on a miscalculation.} ( 21...Nxe4 {leads to a draw after} 22.Qxe4 g6 23.Qxe5 Qxe5 24.Rxe5 Bxa2 ) 22.Kh2 Bxa2 $2 {[%c_effect a2;square;a2;type;Mistake;persistent;true]} ( 22...Nxe4 23.Qxe4 g6 24.b3 {White has a small pressure now, but it should end peacefully.} ) 23.b3 $1 {[%c_effect b3;square;b3;type;GreatFind;persistent;true] Carlsen certainly missed this one. The poor french bishop is in trouble again.} 23...Bxb3 {The only chance.} ( 23...Qxb3 24.Nxf6+ gxf6 25.Rd2 {The bishop is lost.} ) ( 23...Nxe4 24.Qxe4 g6 25.Bc4 {with a winning position.} ) 24.Rb1 a5 {Necessary in order to support the bishop with …a5-a4.} 25.Nxf6+ gxf6 26.Qe4 Rac8 {Another miscalculation.} ( 26...Kf8 27.Qh7 a4 {transposes.} ) ( 26...a4 27.Qh7+ Kf8 28.Qxh6+ Ke7 29.Rxe5+ Kd6 30.Qxf6+ Kc7 31.Qxb6+ $1 {[%c_effect b6;square;b6;type;GreatFind;persistent;true] It's a pity to exchange queens when attacking, but that's for a good reason.} 31...Kxb6 32.Rxe8 Rxe8 33.Bc4 Re1 34.Rb2 $3 {[%c_effect b2;square;b2;type;Brilliant;persistent;true] A very important detail. White is winning in the resulting rook endgame.} ( 34.Rxe1 $2 {[%c_effect e1;square;e1;type;Mistake;persistent;true]} 34...Bxc4 {is not clear, as the a-pawn is dangerous.} ) ) 27.Qh7+ Kf8 28.Qxh6+ Ke7 29.Rxe5+ $1 {[%c_effect e5;square;e5;type;GreatFind;persistent;true] When Eric Hansen said the last round was a \"near-death experience,” this position certainly contributed to that feeling. White is totally winning.} 29...Kd7 30.Bb5+ Kc7 31.Rxe8 ( 31.Bxe8 {is simpler.} 31...fxe5 32.Qxb6+ Kxb6 33.Rxb3+ ) 31...Qxb5 32.Rxc8+ ( 32.Qf4+ Kd7 33.Re4 {This is very strong, as White keeps the attack going.} ) 32...Kxc8 33.Qf8+ Kc7 34.Qxf7+ ( 34.Qe7+ {is also winning.} ) 34...Bxf7 35.Rxb5 a4 36.Ra5 $2 {[%c_effect a5;square;a5;type;Mistake;persistent;true] This is the move that throws away the win.} ( 36.Rb4 $1 {[%c_effect b4;square;b4;type;GreatFind;persistent;true]} 36...a3 ( 36...Bb3 37.Kg1 $1 {[%c_effect g1;square;g1;type;GreatFind;persistent;true] and the king comes to the rescue.} ) 37.Ra4 a2 38.c4 {White wins easily, for instance:} 38...Kd6 39.Rxa2 Bxc4 {White is certainly winning, although with seconds on the clock, the b-pawn could still try some tricks.} ) 36...Bb3 37.g4 b6 ( 37...Kb6 {leads to a draw:} 38.Ra8 Kb5 39.f4 Kc4 40.g5 fxg5 41.fxg5 Bc2 $1 {[%c_effect c2;square;c2;type;GreatFind;persistent;true]} 42.g6 Bxg6 43.Rxa4+ Kxc3 ) 38.Ra7+ Kc6 $2 {[%c_effect c6;square;c6;type;Mistake;persistent;true]} ( 38...Kb8 {is necessary.} 39.Re7 a3 40.Kg3 a2 41.Re1 Kc7 {The king comes to the game in time and Black will escape with a draw in this complicated endgame.} ) 39.f4 $2 {[%c_effect f4;square;f4;type;Mistake;persistent;true]} ( 39.Kg3 $1 {[%c_effect g3;square;g3;type;GreatFind;persistent;true] is winning, but the endgame is much trickier than it seems at first sight.} 39...Kc5 ( 39...b5 40.Ra6+ $1 {[%c_effect a6;square;a6;type;GreatFind;persistent;true]} 40...Kc5 41.Kf4 Kc4 42.Ra5 $1 {[%c_effect a5;square;a5;type;GreatFind;persistent;true] This is an important defensive configuration against Black's plan.} ) 40.f4 $1 {[%c_effect f4;square;f4;type;GreatFind;persistent;true]} 40...b5 41.g5 fxg5 42.f5 $1 {[%c_effect f5;square;f5;type;GreatFind;persistent;true]} 42...Kc4 43.Ra5 Kxc3 44.Rxb5 a3 45.Kg4 a2 46.Rc5+ $3 {[%c_effect c5;square;c5;type;Brilliant;persistent;true] The last finesse.} ( 46.Ra5 Kb4 {Here Black is in time.} 47.Rxa2 ( 47.Ra8 $4 {[%c_effect a8;square;a8;type;Blunder;persistent;true]} 47...Ba4 ) 47...Bxa2 48.Kxg5 Kc5 ) 46...Kb2 47.Ra5 a1=Q 48.Rxa1 Kxa1 49.Kxg5 {The pawns are too fast.} ) 39...b5 40.g5 fxg5 41.fxg5 Kb6 {Now it's a draw again.} 42.Ra8 Kb7 43.Re8 a3 44.g6 a2 45.Re1 Kc6 46.g7 Bg8 47.Kg3 $2 {[%c_effect g3;square;g3;type;Mistake;persistent;true]} ( 47.Re8 $5 {[%c_effect e8;square;e8;type;Interesting;persistent;true] is an interesting attempt:} 47...a1=Q 48.Rxg8 Qe1 $1 {[%c_effect e1;square;e1;type;GreatFind;persistent;true] The only move $1} 49.Rc8+ Kd7 50.g8=Q Qh4+ 51.Kg1 Qe1+ {with perpetual check.} ) 47...Kd5 48.Ra1 Ke4 {Suddenly the position becomes dangerous for White. There's only one way to make a draw.} 49.Kg4 ( 49.Rd1 $1 {[%c_effect d1;square;d1;type;GreatFind;persistent;true] There are some very intricate drawing lines here and it's not in the scope of this review to go into so much detail. I will point out one of the possible variations and the reader will have an idea of the difficulties. A careful analysis of this endgame certainly will enrich your calculation ability.} 49...Ke3 ( 49...Bb3 50.Kf2 Bxd1 51.g8=Q a1=Q 52.Qe8+ {The b5-pawn falls and the game is drawn.} ) 50.Kh4 Ke2 51.Rd8 $1 {[%c_effect d8;square;d8;type;GreatFind;persistent;true]} 51...a1=Q 52.Rxg8 Qh1+ 53.Kg5 Qxg2+ 54.Kh6 $1 {[%c_effect h6;square;h6;type;GreatFind;persistent;true] Black has no more than a perpetual check.} ) 49...Kd3 {Now Black is winning.} 50.c4 Bxc4 51.Kf5 b4 52.Rc1 Bg8 53.Kf6 b3 54.Rc8 a1=Q+ 0-1

[Event "Pro Chess League 2023"]
[Site "Chess.com"]
[Date "2023.02.21"]
[Round "4"]
[White "Carlsen, Magnus"]
[Black "Vidit, Santosh Gujrathi"]
[Result "0-1"]
[WhiteElo "2852"]
[BlackElo "2730"]
[EventDate "2023.??.??"]
[Annotator "rafael"]
[PlyCount "116"]
[Beauty "6465020500513"]
[EventType "schev"]
[EventRounds "3"]
[TimeControl "300+2"]

1.b3 {The Larsen Variation shows up from time to time in elite games, although only in tournaments with rapid time controls. It seems they don't consider this starting move reliable enough for a classical game.} 1...d5 ( 1...e5 {Is the critical move and the biggest reason 1.b3 isn't too popular.} ) 2.Bb2 c5 3.e3 a6 $5 {[%c_effect a6;square;a6;type;Interesting;persistent;true] This move is meant to avoid the pin on the c6-knight.} ( 3...Nc6 4.Bb5 ) 4.Nf3 Nc6 5.d4 Nf6 6.dxc5 $5 {[%c_effect c5;square;c5;type;Interesting;persistent;true] Taking the c5-pawn in these positions is always a difficult move for me, even more so when the plan is to play a3-b4, moving the b-pawn once more. But the world champion knows what he's doing.} 6...e6 7.a3 Bxc5 8.b4 Ba7 9.Nbd2 O-O 10.c4 dxc4 11.Nxc4 b5 {The first new move of the game. Once more the theory was dictated by a game played on Titled Tuesday.} ( 11...Qe7 12.Qd6 Rd8 13.Qxe7 Nxe7 14.Be2 {with a very slight edge for White in Terry-Svane, Titled Tuesday 2017.} ) 12.Nd6 Bd7 ( 12...Nd5 $5 {[%c_effect d5;square;d5;type;Interesting;persistent;true] It's possible to allow White to capture the c8-bishop in order to play a6-a5 with all the pieces developed.} 13.Nxc8 Rxc8 14.Bd3 a5 $1 {[%c_effect a5;square;a5;type;GreatFind;persistent;true] The queenside pawns will be swapped, and Black is close to a draw.} ) 13.Bd3 Qe7 14.O-O Nd5 ( 14...Qxd6 $4 {[%c_effect d6;square;d6;type;Blunder;persistent;true]} 15.Bxh7+ Kxh7 16.Qxd6 ) 15.Ne4 Rfd8 16.Rc1 Be8 17.Qe2 {Now White has a small advantage, with the bishops pointing to the black king and the knight being able to jump to c5.} 17...h6 18.Rfd1 Rac8 19.h3 Bb6 {Black decides to await events.} ( 19...f5 {is a natural move, trying to activate the light-squared bishop, taking it to h5. But it's the kind of move you're not comfortable playing against Carlsen.} 20.Ned2 Bh5 21.Bb1 {White can try Nf1-g3 later, and the pawn structure is weakened.} ) 20.Ng3 Nf6 21.Bb1 Rxd1+ 22.Rxd1 Rd8 23.Rc1 $1 {[%c_effect c1;square;c1;type;GreatFind;persistent;true] It's important to keep a pair of rooks so as not to oversimplify the position.} 23...Kf8 {Prophylaxis against a possible check on h7, as we will see in the game.} 24.Ne4 Nd5 25.Nc3 {White's knight is working hard $1 It is natural to take it to c5, but Carlsen probably didn´t like 25...a5.} ( 25.Nc5 a5 $1 {[%c_effect a5;square;a5;type;GreatFind;persistent;true]} ) 25...Nf6 ( 25...Nxc3 26.Bxc3 {White prepares a battery taking the queen to b2, and Black will be forced to weaken his kingside.} ) 26.Qc2 Rc8 $2 {[%c_effect c8;square;c8;type;Mistake;persistent;true]} ( 26...a5 $1 {[%c_effect a5;square;a5;type;GreatFind;persistent;true] It is necessary to strive for activity immediately.} 27.Nxb5 ( 27.bxa5 Nxa5 {and the knight goes to c4.} ) ( 27.Ne4 Nxe4 28.Qxe4 f5 {followed by the capture on b4.} ) 27...axb4 {with an equal position.} ) 27.Ne4 $1 {[%c_effect e4;square;e4;type;GreatFind;persistent;true] It's essential to remove the knight from f6 to attack the black king.} 27...Nd5 ( 27...Nxe4 28.Qxe4 f5 29.Qd3 {The kingside is too weak, and White has a clear advantage.} ) 28.Nc5 {The advantage is already decisive.} 28...Bxc5 $2 {[%c_effect c5;square;c5;type;Mistake;persistent;true] This allows an immediate finish.} 29.Qh7 $2 {[%c_effect h7;square;h7;type;Mistake;persistent;true] Not that this move is too bad, but mate in three is even better. It's surprising that Carlsen let this go.} ( 29.Bxg7+ Kxg7 30.Qh7+ Kf6 ( 30...Kf8 31.Qh8# ) 31.Qxh6# ) 29...f6 30.Qh8+ ( 30.Nh4 $1 {[%c_effect h4;square;h4;type;GreatFind;persistent;true] This threatens mate in two and keeps the attack going strong.} 30...Bb6 $2 {[%c_effect b6;square;b6;type;Mistake;persistent;true]} 31.Qh8+ Kf7 32.Bg6# ) 30...Kf7 31.Rxc5 Qb7 ( 31...Qf8 {is a better chance.} ) 32.e4 {This is still winning, but the computer indicates a wonderful way to finish the game.} ( 32.Bg6+ $3 {[%c_effect g6;square;g6;type;Brilliant;persistent;true] This one is really difficult. The variation is lovely.} 32...Kxg6 33.Qg8 $1 {[%c_effect g8;square;g8;type;GreatFind;persistent;true] Black's king is stuck at a dead end. White sets up the final hunt, starting with 34.Nh4. A possible line is:} 33...Qf7 34.Nh4+ Kh5 ( 34...Kg5 35.Qh7 ) 35.Qh7 Kxh4 ( 35...f5 36.Bxg7 $18 ) ( 35...g5 36.g4+ Kxh4 37.Qxh6+ ) 36.Qe4+ Kh5 37.Qg4# ) 32...Nf4 33.Qh7 $2 {[%c_effect h7;square;h7;type;Mistake;persistent;true] Wasting the last chance to settle the game.} ( 33.Bxf6 $3 {[%c_effect f6;square;f6;type;Brilliant;persistent;true]} 33...Kxf6 ( 33...gxf6 34.Qh7+ Kf8 35.Qxb7 {wins the queen.} ) 34.Qf8+ {White is winning in all lines.} 34...Bf7 ( 34...Qf7 35.e5+ Nxe5 36.Qxf7+ Bxf7 37.Rxc8 {with an endgame an exchange up.} ) 35.e5+ Nxe5 36.Qxc8 Nxf3+ 37.gxf3 Qxf3 ( 37...Qxc8 38.Rxc8 ) 38.Qd8# ) 33...Ne7 {Now the game is unclear. Carlsen decides to sacrifice at the wrong moment.} 34.Ne5+ $2 {[%c_effect e5;square;e5;type;Mistake;persistent;true] This just loses.} 34...fxe5 35.Bxe5 Nh5 $1 {[%c_effect h5;square;h5;type;GreatFind;persistent;true] The world champion probably missed this move. Black is a piece up for no compensation.} 36.g4 Rxc5 37.bxc5 Nf6 38.Bxf6 Kxf6 39.g5+ hxg5 40.e5+ Kf7 41.Qh5+ Kf8 42.Qxg5 Qf3 43.Qg4 Bc6 44.Qxf3+ Bxf3 45.Kh2 Nc6 46.Kg3 Bd5 ( 46...Nxe5 {also works:} 47.Kf4 Nc4 $1 {[%c_effect c4;square;c4;type;GreatFind;persistent;true]} 48.Kxf3 Nd2+ ) 47.f4 Ke7 48.Kf2 Na5 49.h4 Nc4 50.Bd3 Nxa3 51.Ke3 a5 52.Kd4 Bc6 53.h5 b4 54.f5 exf5 55.Bxf5 a4 56.e6 b3 57.Kc3 Nb5+ 58.Kb4 Nd4 0-1